| 000 | 00345nam a2200145Ia 4500 | ||
|---|---|---|---|
| 008 | 230312s9999||||xx |||||||||||||| ||und|| | ||
| 020 | _a81-239-2205-8 | ||
| 082 |
_a612 _bPAT-P |
||
| 100 | _aPathak;Rakesh.Ranjan | ||
| 245 | 0 | _aPharmacology Focus | |
| 260 |
_bCBS _aIndia _c2012 |
||
| 300 | _a410 | ||
| 650 |
_aMedical _vPharmacology |
||
| 942 | _cBK | ||
| 999 |
_c9825 _d9825 |
||